[Event "Bisaccia op 3rd"]
[Site "Bisaccia"]
[Date "2011.06.04"]
[Round "5"]
[White "Stromboli, Carlo"]
[Black "Mazza, Daniele"]
[Result "1-0"]
[WhiteElo "2306"]
[BlackElo "1823"]
[PlyCount "63"]
[EventDate "2011.06.08"]
[EventType "swiss"]
[EventRounds "7"]
[EventCountry "ITA"]
[SourceTitle "EXT 2014"]
[Source "ChessBase"]
[SourceDate "2013.11.20"]
[SourceVersion "1"]
[SourceVersionDate "2013.11.20"]
[SourceQuality "1"]

1. e4 c5 2. Nf3 d6 3. d4 cxd4 4. Nxd4 Nf6 5. Nc3 a6 6. Be3 e5 7. Nb3 Be6 8. f3 Be7 9. Qd2 0-0 10. 0-0-0 b5 11. Nd5 Nxd5 12. exd5 Bf5 13. g4 Bg6 14. Kb1 Nd7 15. Na5 Nc5 16. h4 h6 17. g5 h5 18. Bxc5 dxc5 19. d6 Bxd6 20. Nc6 Qd7 21. Qxd6 Qxd6 22. Rxd6 Rfe8 23. Bh3 a5 24. Bd7 Rf8 25. Re1 Kh8 26. Rxe5 Ra6 27. f4 Rd8 28. f5 Rxc6 29. Rxc6 Rxd7 30. Rc8+ Kh7 31. fxg6+ Kxg6 32. a4 1-0

[Event "Bisaccia op 3rd"]
[Site "Bisaccia"]
[Date "2011.06.03"]
[Round "3"]
[White "Varvaglione, Antonio"]
[Black "Mazza, Daniele"]
[Result "0-1"]
[WhiteElo "1932"]
[BlackElo "1823"]
[PlyCount "44"]
[EventDate "2011.06.08"]
[EventType "swiss"]
[EventRounds "7"]
[EventCountry "ITA"]
[SourceTitle "EXT 2014"]
[Source "ChessBase"]
[SourceDate "2013.11.20"]
[SourceVersion "1"]
[SourceVersionDate "2013.11.20"]
[SourceQuality "1"]

1. e4 c5 2. Nf3 d6 3. d4 cxd4 4. Nxd4 Nf6 5. Nc3 a6 6. Bc4 e6 7. 0-0 Be7 8. Qf3 0-0 9. Qg3 Nc6 10. Nxc6 bxc6 11. Bh6 Ne8 12. Rad1 Bh4 13. Qg4 e5 14. Qh5 gxh6 15. Qxh6 Qg5 16. Qxg5+ Bxg5 17. Rd3 Be7 18. Na4 Rb8 19. Rfd1 Be6 20. Rg3+ Kh8 21. Bxe6 fxe6 22. Rdd3 Rb4 0-1

[Event "Alto Sangro op 10th"]
[Site "Castel di Sangro "]
[Date "2010.12.03"]
[Round "2"]
[White "Martingano, Giuseppe"]
[Black "Mazza, Daniele"]
[Result "1/2-1/2"]
[WhiteElo "1708"]
[BlackElo "1827"]
[PlyCount "47"]
[EventDate "2010.12.03"]
[EventType "swiss"]
[EventRounds "6"]
[EventCountry "ITA"]
[SourceTitle "EXT 2012"]
[Source "ChessBase"]
[SourceDate "2011.11.24"]
[SourceVersion "1"]
[SourceVersionDate "2011.11.24"]
[SourceQuality "1"]

1. d4 Nf6 2. Bf4 e6 3. e3 c5 4. c3 b6 5. Be2 Bb7 6. Nf3 Nc6 7. Nbd2 d5 8. 0-0 Nh5 9. Bg5 Be7 10. Bxe7 Qxe7 11. Bb5 Nf6 12. Ne5 Qc7 13. Qa4 Rc8 14. Qxa7 0-0 15. Bxc6 Bxc6 16. Qxc7 Rxc7 17. a4 c4 18. Nxc6 Rxc6 19. Rfe1 Ra8 20. e4 Nxe4 21. Nxe4 dxe4 22. Rxe4 b5 23. a5 Rca6 24. Re5 1/2-1/2

[Event "Campobasso op-A 17th"]
[Site "Campobasso"]
[Date "2010.07.23"]
[Round "3"]
[White "Mazzarella, Antonio"]
[Black "Mazza, Daniele"]
[Result "1-0"]
[WhiteElo "2018"]
[BlackElo "1836"]
[PlyCount "131"]
[EventDate "2010.07.22"]
[EventType "swiss"]
[EventRounds "6"]
[EventCountry "ITA"]
[SourceTitle "EXT 2013"]
[Source "ChessBase"]
[SourceDate "2012.11.22"]
[SourceVersion "1"]
[SourceVersionDate "2012.11.22"]
[SourceQuality "1"]

1. Nf3 c5 2. c4 Nc6 3. Nc3 Nf6 4. d4 cxd4 5. Nxd4 Nxd4 6. Qxd4 g6 7. e4 d6 8. Be2 Bg7 9. 0-0 0-0 10. Qd3 a6 11. Rd1 Qc7 12. Bg5 Be6 13. Rac1 Rac8 14. b3 h6 15. Be3 Ng4 16. Bxg4 Bxg4 17. Nd5 Qd8 18. f3 Be6 19. Bd4 Bxd4+ 20. Qxd4 Rc5 21. Qe3 Kh7 22. b4 Rc6 23. c5 Bxd5 24. exd5 Rc7 25. c6 bxc6 26. dxc6 Qb8 27. Qe4 Qb6+ 28. Kh1 Rfc8 29. h4 h5 30. a3 a5 31. Qc4 Kg8 32. b5 Kf8 33. a4 Ke8 34. Qc3 f6 35. Qd2 Kf7 36. Re1 Kg7 37. Qe3 Qxe3 38. Rxe3 Rb8 39. Rxe7+ Rxe7 40. c7 Rc8 41. b6 Kf7 42. b7 Ree8 43. bxc8Q Rxc8 44. Rc6 Ke7 45. Ra6 Rxc7 46. Rxa5 Rc1+ 47. Kh2 Ra1 48. g4 hxg4 49. fxg4 Ra3 50. h5 gxh5 51. gxh5 f5 52. Rxf5 Rxa4 53. Kg3 Ke6 54. Rf2 Ra7 55. Kg4 Rg7+ 56. Kh4 Rf7 57. Rg2 Rh7 58. Rg6+ Ke7 59. Kg5 d5 60. h6 d4 61. Ra6 Kf7 62. Rd6 d3 63. Rxd3 Ke6 64. Re3+ Kd7 65. Kg6 Rh8 66. h7 1-0

[Event "Assisi op-B 4th"]
[Site "Assisi"]
[Date "2008.12.23"]
[Round "7"]
[White "Minelli, Francesco"]
[Black "Mazza, Daniele"]
[Result "0-1"]
[WhiteElo "1873"]
[BlackElo "1765"]
[PlyCount "58"]
[EventDate "2008.12.20"]
[EventType "swiss"]
[EventRounds "7"]
[EventCountry "ITA"]
[SourceTitle "EXT 2011"]
[Source "ChessBase"]
[SourceDate "2010.11.26"]
[SourceVersion "1"]
[SourceVersionDate "2010.11.26"]
[SourceQuality "1"]

1. e4 Nf6 2. e5 Nd5 3. d4 d6 4. c4 Nb6 5. Nf3 Bf5 6. Nc3 e6 7. Be2 dxe5 8. Nxe5 N8d7 9. Be3 Be7 10. 0-0 Nxe5 11. dxe5 c6 12. Qb3 Qc7 13. f4 0-0 14. Bxb6 axb6 15. Na4 h6 16. Kh1 Ra6 17. c5 b5 18. Nc3 Bxc5 19. Rac1 Be3 20. Nxb5 Qb6 21. Nd6 Bxc1 22. Bxa6 Qxb3 23. axb3 Bxb2 24. Bxb7 Rb8 25. Rf3 c5 26. Rf2 Bd4 27. Ra2 Bb1 28. Ra5 Be3 29. g3 Rxb7 0-1

[Event "Campobasso op-A 15th"]
[Site "Campobasso"]
[Date "2008.07.20"]
[Round "6"]
[White "Mazza, Daniele"]
[Black "Ferraro, Pietro"]
[Result "1-0"]
[WhiteElo "1735"]
[BlackElo "1968"]
[PlyCount "66"]
[EventDate "2008.07.18"]
[EventType "swiss"]
[EventRounds "6"]
[EventCountry "ITA"]
[SourceTitle "EXT 2011"]
[Source "ChessBase"]
[SourceDate "2010.11.26"]
[SourceVersion "1"]
[SourceVersionDate "2010.11.26"]
[SourceQuality "1"]

1. e4 d5 2. exd5 c6 3. d6 Nf6 4. d4 h6 5. Nf3 Bg4 6. Be2 exd6 7. h3 Bh5 8. Bf4 Nbd7 9. Nbd2 Be7 10. 0-0 0-0 11. c3 Rc8 12. Re1 Re8 13. Bg3 Bf8 14. Nh4 Bxe2 15. Rxe2 Nb6 16. Nf5 g6 17. Ne3 d5 18. Qc2 Ne4 19. Nxe4 dxe4 20. Rd1 f5 21. Qb3+ Nd5 22. Qxb7 f4 23. Nxd5 fxg3 24. Ne3 gxf2+ 25. Rxf2 Re7 26. Qb3+ Kg7 27. Rdf1 Qc7 28. Ng4 Rb8 29. Qc2 Rbe8 30. Ne5 Rxe5 31. dxe5 Bc5 32. Kh1 Bxf2 33. Qxf2 Rxe5 1-0

[Event "Porto San Giorgio op 18th"]
[Site "Porto San Giorgio"]
[Date "2006.08.28"]
[Round "8"]
[White "Mazza, Daniele"]
[Black "Monti, Riccardo"]
[Result "0-1"]
[WhiteElo "1673"]
[BlackElo "1600"]
[PlyCount "74"]
[EventDate "2006.08.21"]
[EventType "swiss"]
[EventRounds "9"]
[EventCountry "ITA"]
[SourceTitle "CBM 113 Extra"]
[Source "ChessBase"]
[SourceDate "2006.09.14"]
[SourceVersion "1"]
[SourceVersionDate "2006.09.14"]
[SourceQuality "1"]

1. e4 d6 2. d4 Nf6 3. Nc3 c6 4. Nf3 g6 5. Be3 Bg7 6. Be2 0-0 7. h3 b5 8. a3 Bb7 9. d5 a6 10. 0-0 Nbd7 11. dxc6 Bxc6 12. Nd2 Qc7 13. f3 Qb7 14. Rb1 d5 15. exd5 Bxd5 16. Nxd5 Nxd5 17. Bf2 Nf4 18. Ne4 Rfd8 19. Qe1 f5 20. Nc5 Nxc5 21. Bxc5 Qc7 22. Be3 Nd5 23. Bf2 Qxc2 24. Rd1 Nf4 25. Rxd8+ Rxd8 26. Bd1 Qc7 27. Bg3 Be5 28. Bxf4 Bxf4 29. Bb3+ Kh8 30. Qe6 Qd6 31. Qf7 Bg5 32. Kh1 Qg3 33. Qe6 Bf4 34. Kg1 Qh2+ 35. Kf2 Rd2+ 36. Qe2 Qg3+ 37. Kg1 Rxe2 0-1